Spanish 5000 #23 - Verbs (Expert) - Statistics

General Stats
  • This quiz has been taken 55 times
  • The average score is 29 of 233
Answer Stats
English Spanish % Correct
to abandon, leave (a place) abandonar
80%
to abuse abusar
80%
to formulate formular
65%
to consist of consistir
50%
to cure curar
50%
to absorb, soak up absorber
45%
to free, liberate liberar
45%
to assert, affirm afirmar
40%
to alert, warn alertar
40%
to consolidate consolidar
40%
to contrast contrastar
40%
to define definir
40%
to emigrate emigrar
40%
export exportar
40%
to govern gobernar
40%
to advise, counsel aconsejar
35%
to associate with asociar
35%
to contemplate contemplar
35%
to declare, testify declarar
35%
to manipulate, handle manipular
35%
to board, get in/on abordar
30%
to attribute atribuir
30%
to punish castigar
30%
to circulate, go around, flow circular
30%
to crown, top coronar
30%
to culminate, accomplish culminar
30%
to evoke, recall evocar
30%
to predominate predominar
30%
to assign, allocate asignar
25%
to chat, talk charlar
25%
to freeze congelar
25%
to console consolar
25%
to correspond with corresponder
25%
to cultivate, produce cultivar
25%
should, ought to, to owe deber
25%
to interview entrevistar
25%
to exhibit, show off exhibir
25%
to sign firmar
25%
to frequent, visit frecuentar
25%
to narrate, tell narrar
25%
to think, be of the opinion opinar
25%
to paralyze paralizar
25%
to penetrate, come in penetrar
25%
to renew, renovate renovar
25%
to be/make comfortable acomodar
20%
to take advantage of aprovechar
20%
to increase aumentar
20%
to inform, announce avisar
20%
to conserve, preserve conservar
20%
to be agreeable, be convenient convenir
20%
to say goodbye (to), dismiss despedir
20%
to push, shove empujar
20%
introduce, implant implantar
20%
to inaugurate, start inaugurar
20%
to throw, launch lanzar
20%
oscillate oscilar
20%
to plan, program programar
20%
to ratify ratificar
20%
to reconstruct reconstruir
20%
to survive, outlive sobrevivir
20%
to accent, stress acentuar
15%
to shake, move agitar
15%
to bless, thank bendecir
15%
to benefit beneficiar
15%
to condition, determine condicionar
15%
to lead, drive conducir
15%
to confuse confundir
15%
to weaken, debilitate debilitar
15%
to denounce denunciar
15%
to derive, come (from) derivar
15%
to develop desarrollar
15%
to deteriorate deteriorar
15%
to dispute, contest disputar
15%
to distract distraer
15%
to embark, load embarcar
15%
to be wrong equivocar
15%
to experience, experiment experimentar
15%
to extinguish, put out extinguir
15%
to manufacture fabricar
15%
to found, base fundar
15%
to impregnate, permeate impregnar
15%
to bow, tilt, incline inclinar
15%
to invade, overcome invadir
15%
to hurt, damage lastimar
15%
to lead, head liderar
15%
to move, change mudar
15%
to navigate, sail navegar
15%
to notice notar
15%
to postulate, nominate postular
15%
to preside over presidir
15%
to publish publicar
15%
to revive revivir
15%
to transmit, broadcast transmitir
15%
to face, confront afrontar
10%
to exhaust, wear out, run out agotar
10%
to kneel arrodillar
10%
to ruin, destroy arruinar
10%
to murder, assassinate asesinar
10%
to mock burlar
10%
to cease, stop cesar
10%
to suck chupar
10%
to hold, take, catch coger
10%
to consent to, pamper consentir
10%
to convene, summon convocar
10%
to disappear, vanish desaparecer
10%
to detail, itemize detallar
10%
to dictate, announce dictar
10%
to balance equilibrar
10%
to flow fluir
10%
to fortify fortalecer
10%
to interrupt interrumpir
10%
to liberate, set free librar
10%
to curse, insult maldecir
10%
to put (into) meter
10%
to mobilize movilizar
10%
to occasion, bring about ocasionar
10%
to persecute, pursue, chase perseguir
10%
to rest, pose, land posar
10%
to preach predicar
10%
to avoid, prevent prevenir
10%
to recuperate, recover recuperar
10%
to reform, renovate reformar
10%
to remit remitir
10%
to sanction, penalize sancionar
10%
to seal, stamp sellar
10%
to point (out), signal señalar
10%
to vacillate, hesitate vacilar
10%
to move away alejar
5%
to allude to aludir
5%
to cheer up animar
5%
to repent, regret arrepentir
5%
to risk, venture arriesgar
5%
to tie (up) atar
5%
to give way, yield ceder
5%
to conceive, understand concebir
5%
to grant, concede conceder
5%
to call, name denominar
5%
to unleash, unload descargar
5%
to discard, reject, rule out descartar
5%
to descend descender
5%
to detach, take off (plane) despegar
5%
to replace, move, shift desplazar
5%
to dilute, weaken diluir
5%
to bend, turn doblar
5%
to emerge, surface emerger
5%
to shut (in) encerrar
5%
to extract, take out extraer
5%
to appear, represent, figure (in) figurar
5%
to float, flutter flotar
5%
to honor honrar
5%
to devise, design idear
5%
to be unaware ignorar
5%
to exchange intercambiar
5%
to get dark oscurecer
5%
to plan planificar
5%
to press, pressure presionar
5%
to try, seek procurar
5%
to reflect reflejar
5%
to reign, prevail reinar
5%
to reiterate, repeat reiterar
5%
to restore, reinstate restaurar
5%
to summarize resumir
5%
to retake, restart retomar
5%
to stir, mix, scramble revolver
5%
to sentence, condemn sentenciar
5%
to situate, place, locate situar
5%
to suppress, delete suprimir
5%
to delay, take long tardar
5%
to transcend trascender
5%
to triumph triunfar
5%
to enlarge, increase, expand ampliar
0%
to come near, closer aproximar
0%
to please, satisfy complacer
0%
to coincide, concur, meet concurrir
0%
to consist of, comprise constar
0%
to infect, infest contagiar
0%
to neglect descuidar
0%
to assign, appoint destinar
0%
to fade, dispel desvanecer
0%
to deviate, divert, change desviar
0%
to confer, talk dialogar
0%
to hinder, obstruct dificultar
0%
to disguise, hide, pretend disimular
0%
to decrease, diminish disminuir
0%
to head, lead (off) encabezar
0%
to head for, guide encaminar
0%
to face, confront encarar
0%
to fill with enthusiasm, excite entusiasmar
0%
to seep, filter filtrar
0%
to base, found fundamentar
0%
to prevent, hinder impedir
0%
to make uneasy, disturb inquietar
0%
to sense intuir
0%
to choose, opt for optar
0%
to stay, remain permanecer
0%
to populate, inhabit poblar
0%
to do exactly, specify precisar
0%
to boast, show off, suppose presumir
0%
to attempt pretender
0%
to deprive (of) privar
0%
to promote promover
0%
to continue, carry on proseguir
0%
to have the leading role in protagonizar
0%
to come from, be from provenir
0%
to press, beat, strike, throb pulsar
0%
to renew, resume reanudar
0%
to recover, regain recobrar
0%
to trim, cut off, clip recortar
0%
to replace reemplazar
0%
to reflect, consider on reflexionar
0%
to tell, narrate relatar
0%
to heal, cure remediar
0%
to review, revise repasar
0%
to rescue, save rescatar
0%
to back, support, endorse respaldar
0%
to concern respectar
0%
to limit, restrict restringir
0%
to resuscitate resucitar
0%
to return, give back retornar
0%
to go back retroceder
0%
to roll, run, scatter rodar
0%
to excel, outperform sobrepasar
0%
to stand out, excel sobresalir
0%
to subject someter
0%
to submerge, plunge sumergir
0%
to overcome, surpass superar
0%
to beg suplicar
0%
to substitute, replace sustituir
0%
to transform, turn tornar
0%
to betray traicionar
0%
to occur, take place transcurrir
0%
to take revenge, avenge vengar
0%
to watch over, guard vigilar
0%
No matching quizzes found
Score Distribution
Percent of People with Each Score
Percentile by Number Answered
Your Score History
You have not taken this quiz